00605nam a2200145Ia 4500008004100000050002800041100002700069245008500096260008600181300002800267521002700295942000700322999001900329952011100348140724s9999 xx 000 0 und d aQA 76.9.S88b.T833 2012 aTrinidad, Aaron Mel O. aComputerized inventory system of Minerva Bags Business /cAaron Mel O. Trinidad. aLas Piñas, Philippines :bSouthville International School and Colleges,cc2012. a60 p. :bill. ;c28 cm. aInformation Technology cTH c228847d228847 001040aCLbCLcTHESESd2014-07-24l0oQA 76.9.S88 .T833 2012pT0201r2018-05-15 00:00:00w2014-07-24yTH